00219nam a22000737a 4500020001800000100002900018245002000047260007800067 a9781338238525 a Patricia Brennan Demuth aWhat was D-Day? aNew Yorkb Grosset & Dunlap, an imprint of Penguin Group (USA) LLCc 2015